Statistiques concernant Pays se terminant par "ie"

Cliquez ici pour prendre le quiz!

Statistiques générales

  • Ce quiz a été pris 21 623 fois
  • Le résultat moyen est 25 sur 38

Statistiques - réponses

Pays% Correct
Russie
88%
Australie
86%
Lituanie
84%
Italie
83%
Lettonie
83%
Estonie
82%
Slovaquie
80%
Slovénie
80%
Albanie
79%
Algérie
78%
Roumanie
76%
Hongrie
75%
Bulgarie
74%
Croatie
73%
Serbie
72%
Biélorussie
70%
Tunisie
69%
Turquie
68%
Bolivie
66%
Colombie
66%
Moldavie
65%
Arménie
63%
Indonésie
62%
Namibie
60%
Zambie
58%
Éthiopie
56%
Géorgie
55%
Mongolie
55%
Somalie
55%
Tanzanie
54%
Malaisie
53%
Syrie
53%
Mauritanie
52%
Birmanie
50%
Jordanie
48%
Gambie
45%
Micronésie
41%
Sainte-Lucie
29%

Distribution des résultats

Percentile par nombre de réponses

% des personnes avec chaque résultat

Votre développement - résultats

Vous n’avez pas pris ce quiz